00816cam a2200229 a 450000100100000000500170001000800410002702000150006804000180008308200180010110000330011924500460015226000730019830000270027149000250029849000730032358600300039665000240042665000360045083000270048683000730051300000595020200929151845.0971103s1983 sp a 001 p spa  a8400054873 aDO-SdBNPcDLC a861.64bC165u1 aCalo, José María,d1946-10aUjida del ángel /cJosé María Calo. aZaragoza, España :bInstitución "Fernando el Católico",c1983. a80 p. :bil. ;c25 cm.1 a"San Jorge"vvol. 341 aPublicación. de la Institución "Fernando el Católico"vno. 947 aPremio "San Jorge", 1983. 4aPoesía española 4aLiteratura españolaySIGLO XX 0a"San Jorge" ;vvol. 34 0aPublicación. de la Institución "Fernando el Católico"vno. 947